Antologia italiana per I Corsi annuali di avviamento professionale, tipo industriale e commerciale

Gespeichert in:
Bibliographische Detailangaben
1. Verfasser: Ciaramella, Rosario.
Format: Buch
Sprache:Italienisch
Erschienen: Firenze G. Barbera 1933
Katalog:EDISCO:  Suchergebnis im Bibliothekskatalog
Schulbuchspezifische Eigenschaften:
Tags: Tag hinzufügen
Keine Tags, Fügen Sie den ersten Tag hinzu!
Hinzugefügt zu:30.04.2016
Geändert in:04.10.2017

MARC

LEADER 00000aam a22000007 4500
001 21060
003 OSt
005 20171004090533.0
008 160501s1933 it 000 0 ita
040 |c Paola Zonca - Torino - SBN 
041 1 |a ita 
100 1 |a Ciaramella, Rosario. 
245 0 0 |a Antologia italiana per I Corsi annuali di avviamento professionale, tipo industriale e commerciale 
260 |a Firenze  |b G. Barbera  |c 1933 
300 |a 16 fig. p., ;  
510 3 |a L. 7. 
901 |a 7 
700 1 |a Ciaramella, Rosario. 
942 |2 ddc  |c BK 
546 |a ita 
999 |c 21049  |d 21049 
999 |c edisco:21049  |d 21049